000 00299nam a2200133Ia 4500
005 20260328104329.0
008 260328s9999||||xx |||||||||||||| ||und||
100 _aVidler, Anthony
245 0 _aLedoux /
_cAnthony Vidler
260 _bAkal
300 _a155 p.
650 _aHISTORIA
942 _cBK
999 _c11657
_d11657